Meranie a optimalizácia kompaktnej stanice tepla s využitím obnoviteľných zdrojov tepla

Enregistré dans:
Détails bibliographiques
Auteur principal: Kubica, Matej (Auteur)
Autres auteurs: Kalús, Daniel (Directeur de thèse)
Format: Manuscrit Livre
Langue:slovaque
Publié: 2017
Sujets:
Accès en ligne:http://is.stuba.sk/zp/portal_zp.pl?podrobnosti=125462
https://opac.crzp.sk/?fn=detailBiblioForm&sid=877A1C170D2F97A1DA39A22BFB25
Tags: Ajouter un tag
Pas de tags, Soyez le premier à ajouter un tag!

MARC

LEADER 00000ntm a22000003a 4500
001 stuzp63354
003 SK-STU
005 20230815111046.6
007 ta
008 150427s2015----xo-----f-mn---000-0-slo-d
040 |a STU  |b slo 
041 0 |a slo 
100 1 |a Kubica, Matej  |u 010290  |4 aut  |U SvF Stavebná fakulta  |T SvF Katedra technických zariadení budov  |X 9702  |U V290  |Y 31  |7 9702 
242 0 1 |a Measurement and optimization of a compact heat station using renewable heat sources  |y eng 
245 1 0 |a Meranie a optimalizácia kompaktnej stanice tepla s využitím obnoviteľných zdrojov tepla 
260 |c 2017 
650 4 |a kompaktné zariadenie  |2 slo 
650 4 |a kompaktná stanica  |2 slo 
650 4 |a obnoviteľné zdroje  |2 slo 
650 4 |a compact station  |2 eng 
650 4 |a renewable sources  |2 eng 
650 4 |a compact device  |2 eng 
700 1 |a Kalús, Daniel  |u 010290  |k Z1  |4 ths  |U SvF Stavebná fakulta  |T SvF Katedra technických zariadení budov  |X 799  |U V290  |Y 31  |7 A000000799 
856 4 |u http://is.stuba.sk/zp/portal_zp.pl?podrobnosti=125462 
856 4 |u https://opac.crzp.sk/?fn=detailBiblioForm&sid=877A1C170D2F97A1DA39A22BFB25